000 00577nam a2200217 a 4500
001 0001-2127
003 ELIB.Books
008 190724 2010 eng
020 _a156955076X
092 _a248.8
_bYor
100 _aYorkey, Mike.
245 _aTeen Chat
_bOn-Line Conversat About Important Stuff
260 _aMichigan
_bServant Publications
_c1999
300 _a186
_c20cm
650 _aChristian Life
856 _nKBTS Library
_uKBTS Elib
942 _2ddc
_cBK
990 _a1
998 _aEnglishbooks.elf
_ccat
_e2019-07-24
999 _c12127
_d12127